000 01828nam a22002657a 4500
001 10065
003 FISKH
005 20260403090901.0
008 260403b cb ||||| |||| 00| 0 eng d
020 _a9780007586110
040 _aFISKH
_beng
_cFISKH
_dFISKH
082 _a500
100 _aMorrison, Karen
245 _aCollins international primary science :
_bWorkbook 2 /
260 _aLondon :
_bHarper Collins,
_c2014.
300 _a76 pages :
_billustrations ;
_c27 cm
500 _aJ
505 _aJ
520 _aCollins Primary Science fully meets the requirements of the Cambridge Assessment International Education Primary Science Curriculum Framework and the material has been carefully developed to meet the needs of primary science students and teachers in a range of international contexts. Content is organised according to the three main strands: Biology, Chemistry and Physics and the skills detailed under the Scientific Enquiry strand are introduced and taught in the context of those areas. For each of Stages 1 to 6 as detailed in the Cambridge Primary Science Framework, we offer: A full colour, highly illustrated and photograph rich Student's Book A write-in Workbook linked to the Student's Book Provides support as part of a set of resources for the Cambridge Primary curriculum framework from 2011. This title is endorsed by Cambridge Assessment International Education. This comprehensive Teacher's Guide with clear suggestions for using the materials, including the electronic components of the course A DVD-ROM which contains slideshows, video clips, additional photographs and interactive activities for use in the classroom.
521 8 _a500
_bLexile estimate
521 8 _aJ
_bRaz-Plus
650 _aScience Book
_vNon-Fiction
942 _2ddc
_cBK
_n0
999 _c10065
_d10065